MDQL
is popping MORE tags! Check the
thread
!
Quizzes
Events
Quiz Creation
Community
Videos
Private Events
Remove Ads
Sign In
Join for FREE
Feedback
Dark Mode
Quiz Categories
Sports
Geography
Music
Movies
Television
Just For Fun
Miscellaneous
History
Literature
Language
Science
Gaming
Entertainment
Religion
Holiday
For Kids
Quiz Lab
Recent
Popular Today
Quiz Kudos Today
Editor Picks
Curator Picks
Quizzes by...
Day
Popularity
Type
Ratings
Length
Year
Community
Subscriptions
Recent Discussions
Orange Saloon
Badges
Playlists
Quests
Create
Leaderboards
Showdown
Live 5
Trivia Bingo
Activity
Puzzle Library
Sporcle Events
Private Events
Virtual Trivia
Globe League
Become a Host
Pub Owners
SporcleCon
Opinionation
Our Games
Videos
Blog
Mobile Apps
Partnerships
Remove Ads and Go Orange
Feedback
Television
TV Characters
TV Show
Sitcom
Network
Friends
Reality Shows
Cast
South Park
Star Trek
The Simpsons
Doctor Who
Television
TV Characters
TV Show
Sitcom
Network
Friends
Reality Shows
Cast
South Park
Star Trek
The Simpsons
Doctor Who
Random Quiz
Search Sporcle
×
Quiz Lab
Quiz Lab
Television
Quote
Type in answers that appear in a list
Type in answers that appear in a list
Classic
Best Score? Go Orange.
Burn Notice Quotes Stats
Can you name the character who said the Burn Notice quote?
By
AmeliaFi
6m
45 Questions
1,195 Plays
1,195 Plays
1,195 Plays
Comments
Comments
Give Quiz Kudos
Give Quiz Kudos
-
- Ratings
hide this ad
More Info
Forced Order
Answers have to be entered in order
Answers have to be entered in order
Replay
Link that replays current quiz
Next Quiz
Link to next quiz in quiz playlist
You Got
0%
They Got
Avg Score
48%
Avg Friend Score
Upgrade to see
Score Distribution
Jump to the score distribution portion of the page
Score
0/45
Timer
06:00
0
Plays Today
Quote
Character
% Correct
Well in my experience if something seems too good to be true it's best to shoot it just in case.
Fiona Glenanne
94%
Just 'checking in'? He's got a weird thing for you.
Sam Axe
86.7%
If the devil had a name, it'd be CHUCK... FINLEY!
Michael Westen
81.3%
I work plenty hard lady. I just make it look easy.
Sam Axe
70.7%
Sam, let me remind you you're sleeping in my guestroom. All right, you call me or God as my witness I will smother you in your sleep.
Madeline Westen
66.5%
You know you missed your father's funeral... by eight years.
Madeline Westen
60.1%
You know, some guys take girls to the beach, concerts, farmers' markets. Ugly Polish military intelligence offices, not so much.
Fiona Glenanne
58.7%
Okay, so bad cop, badder cop...worse cop? I can live with that.
Sam Axe
58.5%
The target has to be put into a fragile psychological state. Fortunately, fragile psychological states are a specialty of Fiona's.
Michael Westen
58.2%
The next time you go 'Chuck Norris' on some guy, don't do it in one of my favorite bars!
Sam Axe
56.7%
Guns make you stupid. Better to fight your wars with duct tape. Duct tape makes you smart
Michael Westen
55.6%
Oh look! It's the man who blew my house up! Glad to see your having such a sun shiny day, Sam.
Madeline Westen
54.8%
Honestly, I don't know why they bother. They should just put a bullet in your head and be done with it.
Fiona Glenanne
51.2%
Her and Fiona would have a good time..or kill each other.
Sam Axe
51%
It's not so bad as safe houses go. You got a TV at least. I once spent three days in a Riyadh storage facility with nothing but a flashlight and an Arabic celebrity magazine.
Michael Westen
50.4%
Sometimes you have to be your own white knight.
Fiona Glenanne
50.2%
You should see the other guy.
Fiona Glenanne
50.2%
This was my idea. I should have gotten to hit him!
Fiona Glenanne
50%
We try not to talk about our upcoming felonies. You know.
Jesse Porter
49%
Sorry I'm late, I was sitting in the car for the last ten minutes with your head in the cross-
hairs of a rifle, wondering if I should shoot the man who ruined my life.
Jesse Porter
48.6%
Move over, you're lying on my C4.
Fiona Glenanne
48.5%
Even a day at the beach isn't a day at the beach with you people.
Jesse Porter
48.5%
Either that's a brilliantly disguised bomb or somebody knows the way to your heart.
Fiona Glenanne
48.3%
Quote
Character
% Correct
Getting shot sounds noble until it actually happens to you. Don't volunteer for it unless it's absolutely necessary.
Fiona Glenanne
47.2%
I raised two boys Jesse, I *know* how to search a house...
Madeline Westen
46.3%
You say tomato, I say pimp.
Michael Westen
46%
It's funny. You never really know a car until you drive it through a wall.
Sam Axe
45.9%
You can beat yourself up about it later, I'll help.
Michael Westen
42.1%
Charles Finley had a shotgun wedding for the sake of his cover. That's Charlotte, the old ball and chain.
Sam Axe
41.9%
He stepped out on the balcony to get some air, dammit!
Jesse Porter
41.5%
'Dead'-
is that a figure of speech?
Michael Westen
40.2%
Butch, Sundance, cool it
Madeline Westen
39.7%
Fun? I remember him making me fake a seizure at Mr. Goodwrench so he could steal spark plugs.
Michael Westen
38%
Yes, yes, I love my dirt.
Michael Westen
37.3%
No wonder I got my ass kicked.
Nate Westen
37.2%
Where there's smoke, there's Fi.
Sam Axe
36.7%
Ooh he called him a 'pendejo', it's like idiot but ruder.
Fiona Glenanne
36.2%
I deal in everything. Guns so people can shoot each other, medicine to get them ready for round two.
Sam Axe
36.1%
Hey Nate, you look clean. You shaved the ferret off your face.
Michael Westen
35.2%
Is it strange that that I am kind of missing you?
Jesse Porter
34.7%
Hurricane Jesse here is doing more damage with a crowbar than hurricane Dana did. He's worse than Sam!
Madeline Westen
33.8%
They were like Frick and Frack, weren't they?
Madeline Westen
33.3%
Disney World? Why in God's name would I want to go to Disney World?
Madeline Westen
32.3%
I was vague. I said I was a freelance superhero Robin Hood kinda guy.
Sam Axe
30.8%
Name's Cristo. Like Madonna, the whole one name thing.
Barry Burkowski
30%
Quiz Playlist
Details
Report
Send in Message
Add To Playlist
More Info:
Seasons 1-4
Classic:
Type in answers that appear in a list
Forced Order:
Answers have to be entered in order
Last Updated: Feb 16, 2017
Quiz Scoreboard
CHALLENGE
Sign Up to Join the Scoreboard
Show All
Scores
Hide
Comments
May contain spoilers
Recently Published
Find the 'City' Movie
by crazypaving
Movies
60s
5x2 Blitz: Bands
by SL_Kpop136
Music
30s
Colored Red Africa Blitz
by spor1
Geography
30s
More to Explore
Quiz From the Vault
Featured Blog Post
14 Easter Pick-up Lines to Find Eggs With
hide this ad
You Might Also Like...
Tags
Quote Quiz
Action
Burn Notice
Today's Top Quizzes in Television
Browse Television
hide this ad
Today's Top Quizzes in Quote
Browse Quote
Top Contributed Quizzes in Television
1
Survivor Journey Challenge
2
Brooklyn Nine Nine Logic Puzzle (How-To-Play)
3
Total Drama Characters
4
Phoebe Buffay Quotes
5
Survivor Trivia
6
Survivor Logic Puzzle: Heroes vs. Villains
7
Emmerdale Characters (from August 2012)
8
One Tree Hill Logic Puzzle
9
Adjectives in 00s TV Shows
10
All US Survivor Seasons in Order
Explore More
Trending Topics
Anime
Disney
Kpop
Crossword
NBA
Harry Potter
Marvel
Puzzle
WWE
NFL
Country
Song
Soccer
The Office
Pokémon
hide this ad
More By:
AmeliaFi
Quiz
Plays
Rating
Category
Featured
Created
Missing Word: Movie Titles
30,346
3.80
Just For Fun
Sep 6, 2010
Figure Out the Lyrics (MCR)
13,791
4.68
Music
Nov 24, 2010
Mamma Mia! Figure Out the Lyrics
5,378
2.57
Music
Dec 5, 2010
Figure Out the Lyrics (Christmas Edition)
5,168
3.86
Holiday
Dec 6, 2010
Sweeney Todd Figure Out the Lyrics
3,764
4.50
Music
Nov 11, 2010
Go to Creator's Profile
Score Distribution
Quiz Creator Spotlight
AmeliaFi
Follow
Send a Message
Quizzes Created
-
Created Quiz Play Count
-
More By This Creator
Popular Quizzes Today
1
Colored Red Africa Blitz
2
Find the 'City' Movie
3
Find the US States - No Outlines Minefield
4
5x2 Blitz: Bands
5
The Countries of the World
6
Find the US States
7
US States
8
Find the Countries of Europe - No Outlines Minefield
More Television Quizzes
TV Side Characters: 10 to 1
Published
Trending Quizzes
Colored Red Europe Blitz I
Colored Red Africa Blitz II
Colored Red Europe Blitz II
Colored Red Europe Blitz III
Colored Red Africa Blitz III
Recently Updated
How Do You Spell That?
pecheneg
Godzilla Movies
pecheneg
Grab Bag: 4-10 Letters
pecheneg
2024 March Madness Bracket
pecheneg
Famous TV Couples
Peacemaker
Champions League XIs: Real Madrid
pecheneg
Largest US Cities 1790-2010
pecheneg
Rides in Walt Disney World
pecheneg
Most Oscar Losses (Acting)
pecheneg
Beyoncé Albums
pecheneg
Trending Topics
Marvel
Harry Potter
Crossword
NBA
Disney
Kpop
Anime
Song
Puzzle
The Office
Soccer
NFL
Country
Pokémon
WWE
Your Account Isn't Verified!
In order to create a playlist on Sporcle, you need to verify the email address you used during registration. Go to your
Sporcle Settings
to finish the process.
Report this User
Report this user for behavior that violates our
Community Guidelines
.
Details:
Send Report
Go to the Sporcle.com Mobile Site →
Comments